[Event "Regionalliga Sued-West 1819"]
[Site "Bayern"]
[Date "2019.04.07"]
[Round "9.4"]
[White "Koelbl, Jonathan"]
[Black "Beyerlein, Andreas"]
[Result "0-1"]
[WhiteElo "1905"]
[BlackElo "2047"]
[PlyCount "106"]
[EventDate "2018.10.21"]
[EventType "team-tourn"]
[EventRounds "9"]
[EventCountry "GER"]
[SourceTitle "EXT 2022"]
[Source "ChessBase"]
[SourceDate "2021.10.06"]
[SourceVersion "1"]
[SourceVersionDate "2021.10.06"]
[SourceQuality "1"]
[WhiteTeam "Klosterlechfeld"]
[BlackTeam "Altstadt Roter Turm"]
[WhiteTeamCountry "GER"]
[BlackTeamCountry "GER"]

1. e4 c5 2. Nc3 Nc6 3. Bb5 Nd4 4. Nf3 e6 5. 0-0 a6 6. Bd3 Nc6 7. b3 g5 8. Bb2 g4 9. Ne1 Nf6 10. f3 Rg8 11. f4 d6 12. f5 e5 13. a4 b6 14. Bc4 Bb7 15. d3 Bh6 16. Bc1 Bxc1 17. Rxc1 Qe7 18. Nd5 Nxd5 19. Bxd5 Qg5 20. c3 Rb8 21. Nc2 Na5 22. Bxb7 Rxb7 23. b4 Nb3 24. Rb1 Nd2 25. bxc5 dxc5 26. Rf2 Nxb1 27. Qxb1 Kf8 28. d4 exd4 29. cxd4 Qe7 30. Ne3 cxd4 31. Nd5 Qd6 32. f6 Rg6 33. Qc1 Rb8 34. Qd2 b5 35. Qxd4 bxa4 36. g3 Rg5 37. Qd2 h6 38. Rf1 Rc8 39. Ra1 a3 40. Qd3 Qc5+ 41. Kf1 a5 42. Qxa3 Qxa3 43. Rxa3 Rc5 44. Kg2 Re5 45. Ra4 Ke8 46. Kf2 Kd7 47. Ne7 Re6 48. Nd5 Kc6 49. Nf4 Rxf6 50. Ke3 Rd6 51. Nd5 Kb5 52. Ra2 f5 53. Nf4 Rc3+ 0-1

[Event "Regionalliga Sued-West 1819"]
[Site "Bayern"]
[Date "2018.11.11"]
[Round "2.3"]
[White "Beyerlein, Andreas"]
[Black "Brozio, Jason"]
[Result "1/2-1/2"]
[WhiteElo "2047"]
[BlackElo "1993"]
[PlyCount "77"]
[EventDate "2018.10.21"]
[EventType "team-tourn"]
[EventRounds "9"]
[EventCountry "GER"]
[SourceTitle "EXT 2022"]
[Source "ChessBase"]
[SourceDate "2021.10.06"]
[SourceVersion "1"]
[SourceVersionDate "2021.10.06"]
[SourceQuality "1"]
[WhiteTeam "Altstadt Roter Turm"]
[BlackTeam "Garching III"]
[WhiteTeamCountry "GER"]
[BlackTeamCountry "GER"]

1. e4 c5 2. Nf3 Nc6 3. d4 cxd4 4. Nxd4 Nf6 5. Nc3 e5 6. Ndb5 d6 7. Bg5 a6 8. Na3 b5 9. Nd5 Be7 10. Bxf6 Bxf6 11. c3 0-0 12. Nc2 Bg5 13. a4 bxa4 14. Rxa4 a5 15. Bc4 Rb8 16. b3 Kh8 17. Nce3 Bxe3 18. Nxe3 Ne7 19. 0-0 Bb7 20. Nd5 Nxd5 21. Bxd5 Qb6 22. c4 f5 23. Bxb7 Rxb7 24. Qd5 Ra7 25. exf5 Rxf5 26. b4 Raf7 27. c5 dxc5 28. bxc5 Qb8 29. Qa2 Rf8 30. Rxa5 Qb4 31. g3 e4 32. Ra4 Qxc5 33. Rxe4 h6 34. Re2 Qd4 35. Kg2 Qc5 36. f4 Qc6+ 37. Kg1 Qc5+ 38. Kg2 Qc6+ 39. Kg1 1/2-1/2

[Event "Regionalliga Sued-West 1718"]
[Site "Bayern"]
[Date "2018.02.25"]
[Round "7.2"]
[White "Beyerlein, Andreas"]
[Black "Ciaffone, Daniel"]
[Result "0-1"]
[WhiteElo "1997"]
[BlackElo "2096"]
[PlyCount "80"]
[EventDate "2017.10.22"]
[EventType "team-tourn"]
[EventRounds "9"]
[EventCountry "GER"]
[SourceTitle "EXT 2022"]
[Source "ChessBase"]
[SourceDate "2021.10.06"]
[SourceVersion "1"]
[SourceVersionDate "2021.10.06"]
[SourceQuality "1"]
[WhiteTeam "Altstadt Roter Turm"]
[BlackTeam "Muenchen FC Bayern"]
[WhiteTeamCountry "GER"]
[BlackTeamCountry "GER"]

1. e4 e5 2. Nf3 Nc6 3. d4 exd4 4. Nxd4 Bc5 5. Be3 Qf6 6. c3 Nge7 7. Bc4 b6 8. 0-0 Bb7 9. Nb5 0-0-0 10. Bxc5 bxc5 11. Nd2 d5 12. exd5 Nxd5 13. Ne4 Qe5 14. Qf3 Nb6 15. Bxf7 c4 16. Na3 Rhf8 17. Qg4+ Kb8 18. Ng5 h6 19. Nf3 Qe2 20. Qxg7 Qe7 21. Qxh6 Qxf7 22. Rfd1 Rxd1+ 23. Rxd1 Ne5 24. Qh3 Nxf3+ 25. gxf3 Bxf3 26. Rd4 Rg8+ 27. Kf1 Bg2+ 28. Qxg2 Rxg2 29. Kxg2 Qg6+ 30. Kf3 Qh5+ 31. Ke3 Qh3+ 32. Ke2 c5 33. Rd8+ Kc7 34. Rd2 Kc6 35. Nc2 Nd5 36. Ne3 Nf4+ 37. Kd1 Qf3+ 38. Kc2 Qe4+ 39. Kc1 Nd3+ 40. Kd1 Qh1+ 0-1

[Event "Regionalliga Sued-West 1718"]
[Site "Bayern"]
[Date "2018.02.04"]
[Round "6.2"]
[White "Ruprecht, Martin"]
[Black "Beyerlein, Andreas"]
[Result "1/2-1/2"]
[WhiteElo "2066"]
[BlackElo "1997"]
[PlyCount "116"]
[EventDate "2017.10.22"]
[EventType "team-tourn"]
[EventRounds "9"]
[EventCountry "GER"]
[SourceTitle "EXT 2022"]
[Source "ChessBase"]
[SourceDate "2021.10.06"]
[SourceVersion "1"]
[SourceVersionDate "2021.10.06"]
[SourceQuality "1"]
[WhiteTeam "Marktoberdorf"]
[BlackTeam "Altstadt Roter Turm"]
[WhiteTeamCountry "GER"]
[BlackTeamCountry "GER"]

1. d4 d5 2. c4 Nc6 3. Nf3 Bg4 4. Nc3 e6 5. Bf4 Nf6 6. e3 dxc4 7. Bxc4 Bb4 8. 0-0 0-0 9. Rc1 Bd6 10. Bg5 h6 11. Bh4 g5 12. Bg3 Bxg3 13. hxg3 Ne7 14. Qc2 Bxf3 15. gxf3 c6 16. a3 Kg7 17. Rfd1 Ng6 18. e4 Qe7 19. e5 Nd7 20. Ne4 c5 21. dxc5 Nxc5 22. Nxc5 Qxc5 23. Qe4 Qxe5 24. Rd7 Qxb2 25. Rb1 Qf6 26. Qxe6 Qxe6 27. Bxe6 b6 28. Rc1 Ne5 29. Rb7 Nxf3+ 30. Kg2 Ne5 31. Rcc7 Rfb8 32. Rxa7 Rxa7 33. Rxa7 g4 34. Bd5 Rd8 35. Be4 Rd4 36. Ba8 Kg6 37. Kf1 f6 38. Ke2 Nc4 39. Bc6 Rd2+ 40. Kf1 Ne5 41. Bb5 Rb2 42. a4 Kf5 43. Ra8 Ke4 44. Ba6 Nf3 45. Re8+ Kd4 46. Rd8+ Kc3 47. Rd1 Nd2+ 48. Ke1 Nf3+ 49. Kf1 Rb1 50. Rxb1 Nd2+ 51. Ke2 Nxb1 52. Ke3 Kb4 53. Kf4 h5 54. Kf5 Kxa4 55. Kxf6 Nc3 56. Bb7 Nd1 57. f3 gxf3 58. Bxf3 Ne3 1/2-1/2

[Event "Regionalliga SW 1314"]
[Site "Bayern"]
[Date "2014.04.06"]
[Round "9.2"]
[White "Beyerlein, Andreas"]
[Black "Fauth, Dietmar"]
[Result "1/2-1/2"]
[WhiteElo "2067"]
[BlackElo "2118"]
[PlyCount "142"]
[EventDate "2013.10.13"]
[EventType "team-tourn"]
[EventRounds "9"]
[EventCountry "GER"]
[SourceTitle "EXT 2015"]
[Source "ChessBase"]
[SourceDate "2014.11.20"]
[SourceVersion "1"]
[SourceVersionDate "2014.11.20"]
[SourceQuality "1"]
[WhiteTeam "Muenchen RTA"]
[BlackTeam "Muenchen Siemens"]
[WhiteTeamCountry "GER"]
[BlackTeamCountry "GER"]

1. e4 c5 2. Nf3 Nc6 3. d4 cxd4 4. Nxd4 Nf6 5. Nc3 d6 6. Bg5 e6 7. Qd2 a6 8. 0-0-0 Bd7 9. f4 Be7 10. Bxf6 gxf6 11. f5 Nxd4 12. Qxd4 Qa5 13. fxe6 fxe6 14. Be2 0-0-0 15. Rhf1 Kb8 16. Kb1 Rhf8 17. Qe3 Qc5 18. Qh3 Rf7 19. Bg4 Qe5 20. Nd5 f5 21. Bh5 fxe4 22. Nxe7 Rxe7 23. Qh4 Qg7 24. Rxd6 Rf8 25. Rxf8+ Qxf8 26. Qxe4 Bc6 27. Qd3 Kc7 28. Bf3 e5 29. Rxc6+ bxc6 30. Qxa6 Qf6 31. Qa7+ Kd6 32. Qb8+ Rc7 33. Qb4+ Ke6 34. Qc4+ Ke7 35. Qg8 Qf7 36. Qb8 Kf6 37. a4 Kg7 38. Qd8 c5 39. Qg5+ Kh8 40. Qxe5+ Qg7 41. Qe8+ Qg8 42. Qxg8+ Kxg8 43. b3 Kf7 44. Kb2 Ke6 45. Kc3 Kd6 46. Kc4 Rf7 47. a5 Rf4+ 48. Kd3 Kc7 49. c3 h6 50. Be4 c4+ 51. bxc4 Rf6 52. g4 Ra6 53. h4 Rxa5 54. Bd5 Kd6 55. Ke4 Ra1 56. Kf5 Rg1 57. g5 hxg5 58. hxg5 Rf1+ 59. Kg6 Rg1 60. Kf6 Rf1+ 61. Kg7 Ke7 62. g6 Rf2 63. c5 Rc2 64. c4 Ra2 65. Kg8 Kf6 66. Bf7 Ra8+ 67. Kh7 Rc8 68. c6 Rf8 69. Bd5 Rc8 70. Bf7 Rf8 71. Bd5 Rc8 1/2-1/2

[Event "Regionalliga SW 1314"]
[Site "Bayern"]
[Date "2014.03.16"]
[Round "8.1"]
[White "Beyerlein, Andreas"]
[Black "Andersen, Jens Knud"]
[Result "1/2-1/2"]
[WhiteElo "2067"]
[BlackElo "2143"]
[PlyCount "37"]
[EventDate "2013.10.13"]
[EventType "team-tourn"]
[EventRounds "9"]
[EventCountry "GER"]
[SourceTitle "EXT 2015"]
[Source "ChessBase"]
[SourceDate "2014.11.20"]
[SourceVersion "1"]
[SourceVersionDate "2014.11.20"]
[SourceQuality "1"]
[WhiteTeam "Muenchen RTA"]
[BlackTeam "Mering"]
[WhiteTeamCountry "GER"]
[BlackTeamCountry "GER"]

1. e4 e5 2. Nf3 Nf6 3. Nxe5 d6 4. Nf3 Nxe4 5. Nc3 Nxc3 6. dxc3 Be7 7. Bd3 Nd7 8. Bf4 Nc5 9. Nd4 Nxd3+ 10. Qxd3 0-0 11. 0-0-0 Bg5 12. Qd2 Bxf4 13. Qxf4 Bd7 14. h4 Re8 15. Rd3 Re5 16. Nf3 Re2 17. Nd4 Re5 18. Nf3 Re2 19. Nd4 1/2-1/2

[Event "Regionalliga SW 1314"]
[Site "Bayern"]
[Date "2014.02.23"]
[Round "7.2"]
[White "Beyerlein, Andreas"]
[Black "Altmann, Christoph"]
[Result "1/2-1/2"]
[WhiteElo "2067"]
[BlackElo "2041"]
[PlyCount "61"]
[EventDate "2013.10.13"]
[EventType "team-tourn"]
[EventRounds "9"]
[EventCountry "GER"]
[SourceTitle "EXT 2015"]
[Source "ChessBase"]
[SourceDate "2014.11.20"]
[SourceVersion "1"]
[SourceVersionDate "2014.11.20"]
[SourceQuality "1"]
[WhiteTeam "Muenchen RTA"]
[BlackTeam "Sendling"]
[WhiteTeamCountry "GER"]
[BlackTeamCountry "GER"]

1. e4 e6 2. d4 d5 3. Nd2 a6 4. Bd3 c5 5. dxc5 Nf6 6. exd5 Qxd5 7. Ngf3 Bxc5 8. Qe2 Nbd7 9. 0-0 0-0 10. Rd1 Qh5 11. h3 b6 12. Nf1 Bb7 13. Ng3 Bxf3 14. Nxh5 Bxe2 15. Bxe2 Nxh5 16. Bxh5 Nf6 17. Be2 a5 18. Be3 Bxe3 19. fxe3 Rfd8 20. c4 Kf8 21. Rac1 Rxd1+ 22. Rxd1 Ke7 23. Kf2 Rc8 24. Ke1 Rc5 25. b3 Re5 26. Rd3 Ne4 27. Bf3 Nc5 28. Rc3 Kd6 29. Ke2 Ne4 30. Rd3+ Kc7 31. Bxe4 1/2-1/2

[Event "Regionalliga SW 1314"]
[Site "Bayern"]
[Date "2013.12.15"]
[Round "4.2"]
[White "Shirazi, Kamran"]
[Black "Beyerlein, Andreas"]
[Result "1-0"]
[WhiteElo "2387"]
[BlackElo "2067"]
[PlyCount "133"]
[EventDate "2013.10.13"]
[EventType "team-tourn"]
[EventRounds "9"]
[EventCountry "GER"]
[SourceTitle "EXT 2015"]
[Source "ChessBase"]
[SourceDate "2014.11.20"]
[SourceVersion "1"]
[SourceVersionDate "2014.11.20"]
[SourceQuality "1"]
[WhiteTeam "Muenchen 36"]
[BlackTeam "Muenchen RTA"]
[WhiteTeamCountry "GER"]
[BlackTeamCountry "GER"]

1. e4 c5 2. Nf3 d6 3. d4 cxd4 4. Nxd4 Nf6 5. Nc3 a6 6. Bg5 e6 7. f4 Be7 8. Qe2 h6 9. Bh4 b5 10. 0-0-0 b4 11. Nb1 Qc7 12. g3 Bb7 13. Bg2 0-0 14. e5 dxe5 15. Bxb7 Qxb7 16. fxe5 Nd5 17. Bxe7 Qxe7 18. h4 Nd7 19. Nd2 Rfc8 20. Kb1 Rc3 21. N2f3 Re3 22. Qf2 N7b6 23. Rde1 Rxe1+ 24. Rxe1 Nc4 25. Nc6 Qb7 26. Qc5 Rc8 27. Qxc4 Rxc6 28. Qe4 Rc3 29. Ka1 Rc5 30. Kb1 a5 31. g4 a4 32. g5 Rb5 33. Nd4 Rb6 34. Qd3 a3 35. c4 bxc3 36. b3 Qc7 37. gxh6 g6 38. h5 Nf4 39. Qf3 Nxh5 40. Rf1 Rb7 41. Kc2 Qd7 42. Rd1 Qe7 43. Nc6 Qg5 44. Nd8 Rc7 45. h7+ Kxh7 46. Nxf7 Qf5+ 47. Qxf5 exf5 48. e6 Nf6 49. Ne5 Kh6 50. b4 f4 51. b5 Rb7 52. Nd7 Kg7 53. b6 g5 54. Rd3 Ne4 55. Rd4 f3 56. e7 Nf6 57. Nxf6 Rxe7 58. Nh5+ Kg6 59. Ng3 Re6 60. Rb4 Re8 61. b7 Rb8 62. Kxc3 Kf6 63. Kd4 g4 64. Rb5 Kg6 65. Ke3 Re8+ 66. Kf2 Rb8 67. Ne4 1-0

[Event "Regionalliga SW 1314"]
[Site "Bayern"]
[Date "2013.11.10"]
[Round "2.2"]
[White "Beyerlein, Andreas"]
[Black "Dehlinger, Alexander"]
[Result "1/2-1/2"]
[WhiteElo "2067"]
[BlackElo "2228"]
[PlyCount "32"]
[EventDate "2013.10.13"]
[EventType "team-tourn"]
[EventRounds "9"]
[EventCountry "GER"]
[SourceTitle "EXT 2015"]
[Source "ChessBase"]
[SourceDate "2014.11.20"]
[SourceVersion "1"]
[SourceVersionDate "2014.11.20"]
[SourceQuality "1"]
[WhiteTeam "Muenchen RTA"]
[BlackTeam "Garching II"]
[WhiteTeamCountry "GER"]
[BlackTeamCountry "GER"]

1. e4 c5 2. Nf3 Nc6 3. d4 cxd4 4. Nxd4 Nf6 5. Nc3 e5 6. Ndb5 d6 7. Bg5 a6 8. Na3 b5 9. Nd5 Be7 10. Bxf6 Bxf6 11. c3 0-0 12. Nc2 Bg5 13. a4 bxa4 14. Nce3 Be6 15. Qxa4 Ne7 16. Bc4 Bxe3 1/2-1/2

[Event "Regionalliga NO 1112"]
[Site "Bayern"]
[Date "2012.04.15"]
[Round "9.3"]
[White "Beyerlein, Andreas"]
[Black "Balogh, Viktor"]
[Result "1-0"]
[WhiteElo "1947"]
[BlackElo "2213"]
[PlyCount "73"]
[EventDate "2011.10.02"]
[EventType "team-tourn"]
[EventRounds "9"]
[EventCountry "GER"]
[SourceTitle "EXT 2015"]
[Source "ChessBase"]
[SourceDate "2014.11.20"]
[SourceVersion "1"]
[SourceVersionDate "2014.11.20"]
[SourceQuality "1"]
[WhiteTeam "Amberg Siemens"]
[BlackTeam "Erlangen"]
[WhiteTeamCountry "GER"]
[BlackTeamCountry "GER"]

1. e4 c5 2. Nf3 Nc6 3. c3 d5 4. exd5 Qxd5 5. d4 Bg4 6. Be2 e6 7. 0-0 Nf6 8. h3 Bh5 9. Be3 cxd4 10. Nxd4 Bxe2 11. Qxe2 Nxd4 12. Bxd4 Be7 13. Rd1 Qc6 14. Nd2 0-0 15. Nf3 Rfd8 16. Ne5 Qe4 17. Qb5 Rd5 18. Qxb7 Rxe5 19. Qxe7 Re8 20. Qc7 Rg5 21. g3 e5 22. Bxa7 Rh5 23. h4 g5 24. Rd6 Re6 25. Rxe6 fxe6 26. Rd1 Nd5 27. Qc8+ Kf7 28. Qd7+ Kf6 29. Qd8+ Kf5 30. f3 Qe2 31. Rf1 Ne3 32. Bxe3 Qxe3+ 33. Kg2 Rh6 34. g4+ Kg6 35. Qg8+ Kf6 36. Qf8+ Kg6 37. h5+ 1-0

[Event "Regionalliga NO 1112"]
[Site "Bayern"]
[Date "2012.03.18"]
[Round "8.3"]
[White "Roeder, Frank"]
[Black "Beyerlein, Andreas"]
[Result "1/2-1/2"]
[WhiteElo "2137"]
[BlackElo "1947"]
[PlyCount "82"]
[EventDate "2011.10.02"]
[EventType "team-tourn"]
[EventRounds "9"]
[EventCountry "GER"]
[SourceTitle "EXT 2015"]
[Source "ChessBase"]
[SourceDate "2014.11.20"]
[SourceVersion "1"]
[SourceVersionDate "2014.11.20"]
[SourceQuality "1"]
[WhiteTeam "Altensittenbach"]
[BlackTeam "Amberg Siemens"]
[WhiteTeamCountry "GER"]
[BlackTeamCountry "GER"]

1. e4 c5 2. c3 d5 3. exd5 Qxd5 4. d4 Nf6 5. Nf3 Bg4 6. Be2 e6 7. Na3 cxd4 8. Nb5 Qd8 9. Bf4 Nd5 10. Bxb8 Bxf3 11. Bxf3 Qxb8 12. Qxd4 a6 13. Na3 Bxa3 14. Qxg7 Ke7 15. bxa3 Qd6 16. Qg5+ Nf6 17. 0-0 Qxa3 18. Rab1 Rab8 19. Rb3 Qd6 20. Rfb1 b5 21. a4 Rhg8 22. Qh4 Qc5 23. g3 Rg5 24. c4 b4 25. Rxb4 Rxb4 26. Rxb4 Qxb4 27. Qxg5 Qxc4 28. a5 Qc3 29. Bb7 Qc4 30. h4 h6 31. Qd2 Qb5 32. Bf3 Nd5 33. Qxh6 Qxa5 34. Qg5+ Kf8 35. h5 Qa1+ 36. Kg2 Qf6 37. Qc1 Qc3 38. Qh6+ Qg7 39. Qd2 Qc3 40. Qg5 Qf6 41. Qc1 Qc3 1/2-1/2